00317cam a22000977a 4500008004000000082001700040245006400057260004100121300001100162700004600173180718b1973 xxu||||| |||| 00| 0 eng d aI53x5462 H57 aOffice manualcby Department of Personnel, Himachal Pradesh aSimlabDepartment of Personnelc1973 a153+p. aHimachal Pradesh. Department of Personnel